Life assurance salesmanship and marketing
Salvato in:
| Autore principale: | |
|---|---|
| Natura: | Libro |
| Lingua: | inglese |
| Pubblicazione: |
London
Chartered Insurance Institute
1981
|
| Edizione: | 1. ed. |
| Soggetti: | |
| Tags: |
Nessun Tag, puoi essere il primo ad aggiungerne!!
|
MARC
| LEADER | 00000nam a2200000 4500 | ||
|---|---|---|---|
| 001 | c001775 | ||
| 005 | 20221220103246.2 | ||
| 020 | |a 0-907-323-85-5 | ||
| 041 | 0 | |a eng | |
| 044 | |a GB | ||
| 245 | 1 | 0 | |a Life assurance salesmanship and marketing |c J.D. Dwyer |
| 250 | |a 1. ed. | ||
| 264 | 1 | |a London |b Chartered Insurance Institute |c 1981 | |
| 300 | |a Prer. s. | ||
| 610 | 2 | 0 | |a poistenie životné |
| 610 | 2 | 0 | |a poistenie osôb |
| 610 | 2 | 0 | |a kúpa |
| 610 | 2 | 0 | |a predaj |
| 610 | 2 | 0 | |a zákazníci |
| 610 | 2 | 0 | |a manažment |
| 610 | 2 | 0 | |a zodpovednosť |
| 100 | 1 | |a Dwyer, J.D. | |